Architektur und Wohnform : aw : Heft 6, September 1971, 79 Jahrgang /

Guardado en:
Detalles Bibliográficos
Otros autores: Schmid, Erwin (edición) (edición)
Formato: Libro
Idioma:Alemán
Publicado: Stuttgart, Alemania : Alexander Koch, 1971, c1971
Etiquetas: Agrega una etiqueta
Sin etiquetas, Sé el primero en etiquetar este registro!

MARC

LEADER 00000nam^a2200000^a^4500
001 000590964
005 20250526000000.0
009 20260310132919.096
037 |a Acervo ITESO - Biblioteca 
041 |a ALE 
091 |a FCO. 03985 
240 1 1 |a [Architektur und Wohnform : aw] 
245 0 0 |a Architektur und Wohnform :  |b aw : Heft 6, September 1971, 79 Jahrgang / 
264 4 |a Stuttgart, Alemania :  |b Alexander Koch,  |c 1971, c1971 
300 |a p. 89-108, 243- 286 ;  |c 32.0 cm. 
336 |a texto  |b txt  |2 rdacontenido 
337 |a sin mediación  |b n  |2 rdamedio 
338 |a volumen  |b nc  |2 rdasoporte 
649 |a XX 
700 |a Schmid, Erwin  |e (edición) 
910 |a Fondo Erich Coufal Kieswetter 
920 |a Impresos - Libros 
930 |a Libros Antiguos y Raros 
905 |a 142 
901 |a 590964-10  |b IT2  |c LRA  |i D  |u 20250526 
902 |a https://opac.biblio.iteso.mx/vufind/Record/000590964